00292nam a2200109Ia 4500020001800000082002200018100002400040245004900064260004200113300001600155650001100171 a9788172113605 a305.8009542 POK-; aPokhariya, Devsingh 0aKumaun ke sthan-naam: samaj-bhashik adhyayan aNew DelhibNorthern Book Centrec2016 axxxii, 384p aKUMAUN